|
|
|
|
| LEADER |
00000cam a2200000 7i4500 |
| 001 |
0000004592 |
| 005 |
20050712093000.0 |
| 008 |
021118s1999 |
| 020 |
|
|
|a 0751329177
|
| 090 |
0 |
0 |
|a NK2113
|b .B367 1999
|
| 100 |
0 |
|
|a Barnard, Julia ,
|e author
|
| 245 |
1 |
0 |
|a New decorator
|c Julia Barnard with Nicholas Barnard
|
| 260 |
2 |
|
|a London :
|b Dorling Kindersley ,
|c 1999
|
| 300 |
|
|
|a 192 p. :
|b ill. ;
|c 24 cm.
|
| 504 |
|
|
|a Includes index
|
| 650 |
|
0 |
|a Interior decoration
|x Human factors
|
| 650 |
|
0 |
|a Interior decoration
|x Psychological factors
|
| 700 |
1 |
|
|a Barnard, Nicholas ,
|e author
|
| 999 |
|
|
|a 1000085908
|b Book
|c OPEN SHELF (30 DAYS)
|e Gong Badak Campus
|